Statistiken für Tiere anhand ihrer Wissenschaftlichen Namen raten

Klicken Sie hier um das Quiz zu spielen!

Allgemein

  • Dieses Quiz wurde 130 mal gespielt
  • Das Durchschnittsergebnis liegt bei 9 aus 21

Antwortstatistiken

BezeichnungKlasse/KladeAntwort% Korrekt
Elephantidae (Familie)SäugetierElefant
100%
Octopoda (Ordnung)KopffüßerKrake
82%
Viperidae (Familie)ReptilViper
78%
Canidae (Familie)SäugetierHund
63%
Felidae (Familie)SäugetierKatze
60%
Mus (Gattung)SäugetierMaus
57%
Equus (Gattung)SäugetierPferd
53%
Corvus (Gattung)VogelRabe/Krähe
47%
Crocodylus niloticus (Art)ReptilNilkrokodil
46%
Apiformes (ohne Rang)InsektBiene
35%
Ursus arctos (Art)SäugetierBraunbär
33%
Gallus gallus domesticus (Unterart)VogelHuhn
31%
Bombus (Gattung)InsektHummel
30%
Coleoptera (Ordnung)InsektKäfer
23%
Lepidoptera (Ordnung)InsektSchmetterling
23%
Leporidae (Familie)SäugetierHase
22%
Ambystoma mexicanum (Art)LurchAxolotl
19%
Anura (Ordnung)LurchFroschlurch
18%
Cetacea (Ordnung)SäugetierWal
18%
Anatidae (Familie)VogelEnte
10%
Nautilidae (Familie)KopffüßerPerlboot
8%

Verteilung der Resultate

Perzentil nach korrekt beantworteten Fragen

Anzahl Personen mit jedem Resultat

Ihre Resultats-Entwicklung

Sie haben dieses Quiz noch nicht gespielt